[Event "US Open Quad #13"]
[Site "Somerset, N.J."]
[Date "1986.08.15"]
[Round "2"]
[White "Foster, Ursula"]
[Black "Moody, David"]
[Result "0-1"]
[WhiteElo "1806"]
[BlackElo "1958"]
[PlyCount "86"]
[EventDate "1986.08.15"]

1. Nf3 Nf6 2. d4 g6 3. Nbd2 d6 4. c3 Bg7 5. e4 O-O 6. Bd3 Nbd7 7. O-O c5 8. Re1
b6 9. e5 dxe5 10. dxe5 Ng4 11. Be4 Rb8 12. e6 fxe6 13. Qe2 Nde5 14. Nxe5 Nxe5
15. Nf1 c4 16. Be3 Nd3 17. Red1 Ba6 18. Rd2 Qc7 19. Qg4 e5 20. Ng3 Rf7 21. Bd5
Rbf8 22. Bxf7+ Rxf7 23. Ne4 Bc8 24. Qh4 Bf6 25. Nxf6+ exf6 26. Qg3 f5 27. Bh6
f4 28. Qh4 Rf5 29. Bg5 Bb7 30. Rad1 Qc6 31. f3 Qc5+ 32. Kf1 e4 33. Bxf4 Rxf4
34. Qd8+ Rf8 35. Qd7 Bc8 36. Qd4 Qxd4 37. cxd4 exf3 38. gxf3 Bh3+ 39. Kg1 Rxf3
40. Rxd3 cxd3 41. d5 Kf8 42. d6 Ke8 43. Kh1 Rf1+ 0-1

[Event "Ann Arbor Open"]
[Site "Ann Arbor, Mich."]
[Date "1986.09.13"]
[Round "2"]
[White "Murray, David"]
[Black "Moody, David"]
[Result "1-0"]
[WhiteElo "1986"]
[BlackElo "2016"]
[PlyCount "57"]
[EventDate "1986.09.13"]

1. e4 e5 2. Nf3 f5 3. d4 fxe4 4. Nxe5 Nf6 5. Bc4 d5 6. Be2 Bf5 7. O-O Bd6 8.
Bg5 O-O 9. c4 Nbd7 10. f4 c5 11. Nc3 cxd4 12. Nxd5 d3 13. Bg4 Bxe5 14. Bxf5
Bd4+ 15. Kh1 Qa5 16. Bxf6 Nxf6 17. Nxf6+ Rxf6 18. Bxe4 d2 19. Qc2 Re8 20. Rad1
Rb6 21. Qd3 Bxb2 22. Rxd2 Kh8 23. Qh3 h6 24. Rd5 Qxa2 25. Qf5 Kg8 26. Qh7+ Kf8
27. Rd7 Qxc4 28. Re1 Rf6 29. Qxg7# 1-0

[Event "Ann Arbor Open"]
[Site "Ann Arbor, Mich."]
[Date "1986.09.13"]
[Round "1"]
[White "Moody, David"]
[Black "Andrews, Steve"]
[Result "0-1"]
[WhiteElo "2016"]
[BlackElo "2223"]
[PlyCount "70"]
[EventDate "1986.09.13"]

1. e4 Nf6 2. Nc3 d5 3. exd5 Nxd5 4. Bc4 c6 5. d4 Bf5 6. Nf3 e6 7. Bg5 Qa5 8.
Bd2 Qc7 9. Qe2 Be7 10. O-O-O Nd7 11. Rhe1 Nf4 12. Bxf4 Qxf4+ 13. Qe3 Qxe3+ 14.
fxe3 Nb6 15. Bb3 Nd5 16. e4 Nxc3 17. bxc3 Bg4 18. h3 Bxf3 19. gxf3 Bg5+ 20. Kb2
Bf4 21. d5 Ke7 22. dxc6 bxc6 23. Rd3 Rab8 24. Red1 Rb7 25. c4 h5 26. c3 Rh6 27.
Rg1 Kf6 28. Kc2 Rg6 29. Rdd1 Rxg1 30. Rxg1 Rd7 31. Rg2 c5 32. Ba4 Rd6 33. Be8
Rd8 34. Ba4 Ke5 35. Bb5 Be3 0-1

[Event "Ann Arbor Open"]
[Site "Ann Arbor, Mich."]
[Date "1986.09.14"]
[Round "3"]
[White "Thomas, Carlton"]
[Black "Moody, David"]
[Result "1-0"]
[WhiteElo "2011"]
[BlackElo "2016"]
[PlyCount "71"]
[EventDate "1986.09.13"]

1. e4 e5 2. Nf3 Nc6 3. Bb5 a6 4. Ba4 Nf6 5. O-O Be7 6. Re1 b5 7. Bb3 O-O 8. a4
Bb7 9. d3 d6 10. Nc3 b4 11. Ne2 Na5 12. Ba2 c5 13. Ng3 Qb6 14. Nf5 Rfe8 15. Ng5
c4 16. dxc4 h6 17. c5 dxc5 18. Bxf7+ Kh8 19. Bxe8 Rxe8 20. Nf7+ Kh7 21. Nxe7
Rxe7 22. Qd6 Nc6 23. Nxh6 Rd7 24. Qe6 Bc8 25. Qf5+ Kh8 26. Be3 Ne7 27. Qf3 gxh6
28. Bxc5 Qxc5 29. Qxf6+ Kh7 30. Qf7+ Kh8 31. Rad1 Rxd1 32. Rxd1 Qc7 33. Qe8+
Kg7 34. Rd8 b3 35. c3 Be6 36. Qf8+ 1-0

[Event "David Bronstein Open"]
[Site "East Detroit, Mich."]
[Date "1986.09.20"]
[Round "1"]
[White "Nowicki, Bruno"]
[Black "Moody, David"]
[Result "0-1"]
[WhiteElo "1491"]
[BlackElo "2016"]
[PlyCount "26"]
[EventDate "1986.09.20"]

1. e4 e5 2. Nf3 Nc6 3. Nc3 Nf6 4. Bc4 Nxe4 5. Bxf7+ Kxf7 6. Nxe4 d5 7. Neg5+
Kg8 8. d3 h6 9. Nh3 Bg4 10. Nhg1 e4 11. dxe4 dxe4 12. Qxd8 Rxd8 13. Nh4 Rd1#
0-1

[Event "David Bronstein Open"]
[Site "East Detroit, Mich."]
[Date "1986.09.20"]
[Round "2"]
[White "Moody, David"]
[Black "Fleming, Gerald"]
[Result "1-0"]
[WhiteElo "2016"]
[BlackElo "1432"]
[PlyCount "85"]
[EventDate "1986.09.20"]

1. e4 c5 2. Nf3 g6 3. d4 b6 4. Bc4 Bg7 5. dxc5 bxc5 6. Qd5 e6 7. Qxa8 Nc6 8.
Nc3 Nge7 9. Nb5 O-O 10. Nxa7 Qa5+ 11. Bd2 Qa4 12. Nxc8 Qxa8 13. Nxe7+ Nxe7 14.
O-O Qxe4 15. Bd3 Qd5 16. Bc3 f6 17. Rfd1 c4 18. Bxg6 Qc6 19. Bh5 e5 20. Bb4 Rb8
21. Bxe7 d5 22. Ba3 Rb7 23. Nh4 Qe6 24. c3 Bh6 25. h3 e4 26. Bg4 Qe5 27. Nf5
Bg7 28. Rd4 h5 29. Bd6 Qe8 30. Nxg7 Rxg7 31. Bf5 e3 32. fxe3 Qxe3+ 33. Kf1 Qg5
34. g4 Qh4 35. Kg2 hxg4 36. hxg4 Rb7 37. Ba3 Rb5 38. Rh1 Qg5 39. Re1 Kf7 40.
Re7+ Kg8 41. Be6+ Kh8 42. Rd1 f5 43. Rh1+ 1-0

[Event "David Bronstein Open"]
[Site "East Detroit, Mich."]
[Date "1986.09.20"]
[Round "3"]
[White "Hartigan, Craig"]
[Black "Moody, David"]
[Result "1/2-1/2"]
[WhiteElo "2189"]
[BlackElo "2016"]
[PlyCount "35"]
[EventDate "1986.09.20"]

1. e4 e5 2. Nf3 Nc6 3. Bb5 a6 4. Bxc6 dxc6 5. O-O Qd6 6. d4 exd4 7. Qxd4 Qxd4
8. Nxd4 Bd6 9. Nd2 Ne7 10. Nc4 c5 11. Ne2 Be6 12. Nxd6+ cxd6 13. Be3 Bc4 14.
Rfe1 b6 15. Rad1 O-O-O 16. b3 Bxe2 17. Rxe2 d5 18. exd5 1/2-1/2

[Event "David Bronstein Open"]
[Site "East Detroit, Mich."]
[Date "1986.09.21"]
[Round "4"]
[White "Thompson, Dexter"]
[Black "Moody, David"]
[Result "1-0"]
[WhiteElo "2095"]
[BlackElo "2016"]
[PlyCount "45"]
[EventDate "1986.09.20"]

1. e4 e5 2. Nf3 f5 3. exf5 e4 4. Ne5 Nf6 5. Be2 Qe7 6. Bh5+ Kd8 7. Nf7+ Ke8 8.
Nxh8+ Kd8 9. Nf7+ Ke8 10. Nd6+ Kd8 11. Nxc8 Kxc8 12. O-O Qe5 13. d4 exd3 14.
cxd3 Bd6 15. g3 Qxf5 16. Re1 Nc6 17. Nc3 Nxh5 18. Re8+ Nd8 19. Ne4 Nf6 20.
Nxd6+ cxd6 21. Qc2+ Qc5 22. Qxc5+ dxc5 23. Rh8 1-0

[Event "David Bronstein Open"]
[Site "East Detroit, Mich."]
[Date "1986.09.21"]
[Round "5"]
[White "Moody, David"]
[Black "Kebrdle, Mike"]
[Result "0-1"]
[WhiteElo "2016"]
[BlackElo "2106"]
[PlyCount "56"]
[EventDate "1986.09.20"]

1. f4 d5 2. Nf3 c5 3. e3 Nc6 4. Bb5 Bd7 5. b3 Nf6 6. Bxc6 Bxc6 7. Bb2 e6 8. O-O
Be7 9. Ne5 O-O 10. d3 Nd7 11. Nd2 f5 12. Nxd7 Qxd7 13. Nf3 Qe8 14. Ne5 Bf6 15.
g4 g6 16. g5 Bg7 17. Kf2 Rd8 18. h4 d4 19. exd4 cxd4 20. Ba3 Bxe5 21. Bxf8 Bxf4
22. Ba3 Be3+ 23. Kg3 e5 24. Qe2 Qe6 25. Bb2 f4+ 26. Kh2 Rf8 27. c3 f3 28. Qd1
Qg4 0-1

[Event "Comeback of the Year"]
[Site "Rochester, Mich."]
[Date "1986.09.27"]
[Round "2"]
[White "Thompson, Dexter"]
[Black "Moody, David"]
[Result "1-0"]
[WhiteElo "2095"]
[BlackElo "2016"]
[PlyCount "99"]
[EventDate "1986.09.27"]

1. e4 e5 2. Nf3 Nc6 3. Bc4 Nf6 4. d3 Bc5 5. Nc3 d6 6. Bg5 Be6 7. Nd5 Na5 8.
Nxf6+ gxf6 9. Bxe6 fxe6 10. Bh6 Qd7 11. c3 Nc6 12. b4 Bb6 13. a4 a5 14. b5 Ne7
15. Bg7 Rg8 16. Bxf6 Rxg2 17. Nh4 Bxf2+ 18. Kf1 Bxh4 19. Kxg2 Bxf6 20. Rf1 Ng6
21. Rxf6 Nf4+ 22. Rxf4 exf4 23. Qg4 Qf7 24. Rf1 e5 25. d4 Qg6 26. Kf3 Qxg4+ 27.
Kxg4 Kf7 28. dxe5 dxe5 29. Kf5 Re8 30. c4 Re6 31. c5 h5 32. h4 Rf6+ 33. Kxe5 f3
34. Rf2 c6 35. b6 Ke7 36. Kd4 Rf4 37. Ke5 Rf6 38. Kd4 Rf4 39. Ke3 Rxh4 40. Rxf3
Ke6 41. Rg3 Rg4 42. Rxg4 hxg4 43. Kf4 g3 44. Kxg3 Ke5 45. Kf3 Kd4 46. Kf4 Kxc5
47. e5 Kxb6 48. Kf5 Kc7 49. Kf6 Kd7 50. Kf7 1-0

[Event "Comeback of the Year"]
[Site "Rochester, Mich."]
[Date "1986.09.27"]
[Round "3"]
[White "Moody, David"]
[Black "Ridella, Dennis"]
[Result "1-0"]
[WhiteElo "2016"]
[BlackElo "1477"]
[PlyCount "99"]
[EventDate "1986.09.27"]

1. e4 e5 2. Nf3 Nc6 3. d4 exd4 4. Bc4 Nf6 5. O-O Be7 6. e5 Ng4 7. Re1 d5 8.
exd6 Qxd6 9. Bg5 O-O 10. Bxe7 Nxe7 11. Qxd4 Qxd4 12. Nxd4 Ng6 13. Nc3 N4e5 14.
Bb3 Bd7 15. Rad1 c5 16. Ndb5 a6 17. Nd6 b5 18. Bd5 Rab8 19. Nce4 c4 20. Nc5 Rb6
21. f4 Bg4 22. fxe5 Bxd1 23. Rxd1 Nxe5 24. Nf5 g6 25. Re1 Re8 26. Ne3 Rd6 27.
Ne4 Rb6 28. h3 Kg7 29. Kf2 f5 30. Ng5 Kf6 31. Nxh7+ Kg7 32. Ng5 Kh6 33. Nf3
Nxf3 34. Kxf3 Rf8 35. Kf4 Rbb8 36. h4 Rf6 37. Bf3 Rd8 38. Nd5 Rfd6 39. Re5 a5
40. g3 b4 41. Ke3 b3 42. axb3 cxb3 43. c4 Rc8 44. Kd4 Rdc6 45. Be2 Rd8 46. Re7
Ra6 47. Ke5 a4 48. Nf6 Ra5+ 49. Kf4 a3 50. Rh7# 1-0

[Event "Comeback of the Year"]
[Site "Rochester, Mich."]
[Date "1986.09.27"]
[Round "1"]
[White "Moody, David"]
[Black "Kellogg, Stuart"]
[Result "1-0"]
[WhiteElo "2016"]
[BlackElo "1368"]
[PlyCount "53"]
[EventDate "1986.09.27"]

1. e4 Nf6 2. e5 Nd5 3. c4 Nb4 4. d4 d6 5. Qa4+ N4c6 6. d5 dxe5 7. dxc6 Nxc6 8.
Nc3 e6 9. Nf3 Bd7 10. Qd1 g6 11. Bg5 f6 12. Bh4 Bg7 13. Bd3 O-O 14. Qe2 Qc8 15.
Bg3 Nd4 16. Nxd4 exd4 17. Nb5 Bxb5 18. cxb5 e5 19. O-O Re8 20. Qe4 f5 21. Qd5+
Kh8 22. Rac1 Re7 23. Bh4 Rd7 24. Qe6 Rd6 25. Qe7 Rd7 26. Qc5 Qe8 27. f3 1-0

[Event "Comeback of the Year"]
[Site "Rochester, Mich."]
[Date "1986.09.27"]
[Round "4"]
[White "Minskey, Charles"]
[Black "Moody, David"]
[Result "0-1"]
[WhiteElo "1748"]
[BlackElo "2016"]
[PlyCount "22"]
[EventDate "1986.09.27"]

1. e4 e5 2. Nf3 Nc6 3. Bc4 Nf6 4. Ng5 d5 5. Bb5 dxe4 6. Nc3 Bg4 7. Be2 Bf5 8.
Bc4 Bc5 9. Ngxe4 Bxe4 10. Nxe4 Nxe4 11. Bxf7+ Kxf7 0-1

[Event "Bellis Underhill Memorial"]
[Site "Toledo, Ohio"]
[Date "1986.10.11"]
[Round "2"]
[White "Suess, John"]
[Black "Moody, David"]
[Result "0-1"]
[WhiteElo "1330"]
[BlackElo "2016"]
[PlyCount "44"]
[EventDate "1986.10.11"]

1. e4 e5 2. Nc3 Nf6 3. a3 Bc5 4. Bc4 d6 5. d3 Nc6 6. Nce2 Bg4 7. f3 Be6 8. Bxe6
fxe6 9. Bg5 O-O 10. c3 d5 11. b4 Bb6 12. Qb3 Qd7 13. a4 dxe4 14. Bxf6 Rxf6 15.
dxe4 Rd8 16. Nh3 Qd2+ 17. Kf1 Rd3 18. Nf2 Bxf2 19. Qa2 Qe3 20. Qc2 Bh4 21. Ng3
Rd2 22. Re1 Qf2# 0-1

[Event "Bellis Underhill Memorial"]
[Site "Toledo, Ohio"]
[Date "1986.10.11"]
[Round "3"]
[White "Moody, David"]
[Black "Vorbau, James"]
[Result "0-1"]
[WhiteElo "2016"]
[BlackElo "1912"]
[PlyCount "76"]
[EventDate "1986.10.11"]

1. e4 e5 2. Nf3 Nc6 3. Bb5 a6 4. Ba4 Nf6 5. O-O Be7 6. Re1 b5 7. Bb3 O-O 8. c3
d5 9. exd5 Nxd5 10. Nxe5 Nxe5 11. Rxe5 Nf6 12. d4 Bd6 13. Re2 Ng4 14. h3 Qh4
15. Bd5 Rb8 16. Nd2 Nf6 17. Nf3 Qh5 18. Bb3 Bxh3 19. gxh3 Qxf3 20. Qf1 Rbe8 21.
Be3 Re4 22. Rae1 Rh4 23. Qg2 Qxh3 24. Qxh3 Rxh3 25. Kg2 Rh2+ 26. Kf3 Re8 27.
Bf4 Rxe2 28. Rxe2 Bxf4 29. Kxf4 Kf8 30. Kg3 Rh5 31. f4 h6 32. Re5 Rxe5 33. dxe5
Ne4+ 34. Kg4 Nf2+ 35. Kf3 Nd3 36. Ke4 Nc5+ 37. Kd5 Nxb3 38. axb3 Ke7 0-1

[Event "Bellis Underhill Memorial"]
[Site "Toledo, Ohio"]
[Date "1986.10.11"]
[Round "1"]
[White "Moody, David"]
[Black "Pope, Thomas"]
[Result "1-0"]
[WhiteElo "2016"]
[BlackElo "1587"]
[PlyCount "57"]
[EventDate "1986.10.11"]

1. e4 c5 2. Nf3 d6 3. d4 cxd4 4. Nxd4 Nf6 5. Nc3 a6 6. Bc4 e6 7. Bb3 Be7 8. f4
O-O 9. Qf3 Nc6 10. Be3 Bd7 11. O-O-O e5 12. Nf5 Bxf5 13. exf5 Qc7 14. g4 exf4
15. Bxf4 Ne5 16. Bxe5 dxe5 17. g5 Nd7 18. f6 gxf6 19. Nd5 Qd8 20. gxf6 Bxf6 21.
Nxf6+ Qxf6 22. Qg3+ Kh8 23. Rxd7 Rg8 24. Qd3 Rad8 25. Rd1 Qf4+ 26. Kb1 Rxd7 27.
Qxd7 Qf2 28. Qxf7 Rd8 29. Rxd8# 1-0

[Event "Bellis Underhill Memorial"]
[Site "Toledo, Ohio"]
[Date "1986.10.12"]
[Round "4"]
[White "Pokrzywa, John"]
[Black "Moody, David"]
[Result "0-1"]
[WhiteElo "1824"]
[BlackElo "2016"]
[PlyCount "78"]
[EventDate "1986.10.11"]

1. d4 Nf6 2. c4 c5 3. d5 e6 4. Nc3 exd5 5. cxd5 d6 6. e4 g6 7. Bd2 Bg7 8. Bd3
O-O 9. Nge2 Re8 10. O-O a6 11. Rc1 b5 12. f3 Nbd7 13. Ng3 Ne5 14. Bb1 Nc4 15.
b3 Nxd2 16. Qxd2 Bd7 17. Rce1 b4 18. Nd1 Bb5 19. Bd3 Nd7 20. f4 Qb6 21. Kh1 a5
22. Bc4 Bxc4 23. bxc4 a4 24. Re2 b3 25. a3 Qa6 26. Nb2 Nb6 27. Rc1 Bxb2 28.
Qxb2 Nxc4 29. Qc3 Nxa3 30. Nh5 gxh5 31. Re3 h4 32. Qf6 b2 33. Qg5+ Kf8 34. Qh6+
Ke7 35. Qg5+ Kd7 36. Qf5+ Kd8 37. Qf6+ Kc8 38. Rxc5+ dxc5 39. Qf5+ Kb8 0-1

[Event "Bellis Underhill Memorial"]
[Site "Toledo, Ohio"]
[Date "1986.10.12"]
[Round "5"]
[White "Moody, David"]
[Black "Collins, Don"]
[Result "0-1"]
[WhiteElo "2016"]
[BlackElo "2118"]
[PlyCount "66"]
[EventDate "1986.10.11"]

1. e4 e5 2. Nf3 Nc6 3. Bb5 a6 4. Ba4 Nf6 5. O-O Be7 6. Re1 b5 7. Bb3 O-O 8. d4
exd4 9. e5 Ne8 10. Nxd4 Nxd4 11. Qxd4 d6 12. Bf4 Bf5 13. Bd5 Rb8 14. c4 Bg6 15.
Nc3 dxe5 16. Bxe5 Bf6 17. cxb5 axb5 18. Rad1 Nd6 19. b4 Bxe5 20. Rxe5 Qf6 21.
Bc6 Bc2 22. Rd2 Nc4 23. Rc5 Nxd2 24. Qxd2 Ba4 25. Nd5 Qd6 26. Qe3 Kh8 27. Qf3
Qe5 28. Qc3 Qxc3 29. Nxc3 Rb6 30. Bxb5 Bxb5 31. Rxb5 Rxb5 32. Nxb5 Rb8 33. Nxc7
Rc8 0-1

[Event "Moody Comes in Second"]
[Site "Rochester, Mich."]
[Date "1986.10.25"]
[Round "3"]
[White "Szczypka, Tom"]
[Black "Moody, David"]
[Result "0-1"]
[WhiteElo "1980"]
[BlackElo "2016"]
[PlyCount "72"]
[EventDate "1986.10.25"]

1. Nf3 Nf6 2. d4 e6 3. Bg5 c5 4. e3 Qb6 5. Qc1 Nc6 6. c3 Ne4 7. Bd3 Nxg5 8.
Nxg5 Be7 9. h4 h6 10. Ne4 d6 11. Nbd2 f5 12. Ng3 Qd8 13. h5 O-O 14. Nf3 e5 15.
dxe5 dxe5 16. Bc4+ Kh8 17. Qc2 e4 18. Ng1 Ne5 19. Rd1 Qa5 20. Qb3 b6 21. Rd5
Nxc4 22. Qxc4 Be6 23. N1e2 b5 24. Qb3 Bxd5 25. Qxd5 Rad8 26. Qe6 Bg5 27. Nxf5
c4 28. Qg6 Qc7 29. O-O Rf6 30. Qxf6 gxf6 31. Nfd4 Qd7 32. Ng3 Qg4 33. Rb1 Bxe3
34. Nde2 Bf4 35. f3 Be3+ 36. Kh2 Qh4# 0-1

[Event "Moody Comes in Second"]
[Site "Rochester, Mich."]
[Date "1986.10.25"]
[Round "4"]
[White "Moody, David"]
[Black "Owens, James"]
[Result "1-0"]
[WhiteElo "2016"]
[BlackElo "1940"]
[PlyCount "41"]
[EventDate "1986.10.25"]

1. e4 c5 2. Nf3 d6 3. d4 cxd4 4. Nxd4 Nf6 5. Nc3 g6 6. Bc4 Bg7 7. Be3 O-O 8. f3
Nc6 9. Qd2 Bd7 10. O-O-O a6 11. h4 b5 12. Bb3 Nxd4 13. Bxd4 a5 14. h5 a4 15.
Bd5 Nxd5 16. Bxg7 Kxg7 17. hxg6 Nf6 18. Qh6+ Kg8 19. g7 e6 20. e5 dxe5 21. Ne4
1-0

[Event "Moody Comes in Second"]
[Site "Rochester, Mich."]
[Date "1986.10.25"]
[Round "1"]
[White "Moody, David"]
[Black "Hall, Dave"]
[Result "1-0"]
[WhiteElo "2016"]
[BlackElo "1434"]
[PlyCount "51"]
[EventDate "1986.10.25"]

1. e4 c5 2. Nf3 e6 3. d4 Nc6 4. g3 Be7 5. Bg2 Qc7 6. O-O Nf6 7. Re1 d6 8. Nbd2
O-O 9. Nf1 h6 10. h4 e5 11. N1h2 Bd7 12. c3 a6 13. Be3 Ng4 14. Nxg4 Bxg4 15.
Qd2 Bf6 16. Nh2 Be6 17. f4 exf4 18. gxf4 Bxh4 19. Rf1 f5 20. Rf3 Qe7 21. Kh1
Rf6 22. Rh3 Rg6 23. Nf3 fxe4 24. Nxh4 Bxh3 25. Nxg6 Bxg2+ 26. Kxg2 1-0

[Event "Moody Comes in Second"]
[Site "Rochester, Mich."]
[Date "1986.10.25"]
[Round "2"]
[White "Mellen, Steve"]
[Black "Moody, David"]
[Result "1/2-1/2"]
[WhiteElo "1724"]
[BlackElo "2016"]
[PlyCount "114"]
[EventDate "1986.10.25"]

1. d4 Nf6 2. Nf3 e6 3. e3 b6 4. Nbd2 Bb7 5. Bd3 c5 6. c3 d5 7. O-O Nbd7 8. Qe2
Be7 9. Re1 O-O 10. e4 dxe4 11. Nxe4 Nxe4 12. Bxe4 Bxe4 13. Qxe4 Nf6 14. Qb7 Nd5
15. dxc5 Bxc5 16. Bg5 f6 17. Bh4 Rf7 18. Qc6 Re7 19. Rad1 Rc8 20. Qa4 Qe8 21.
Qg4 Qg6 22. Qxg6 hxg6 23. Bg3 b5 24. b4 Bb6 25. Rxd5 exd5 26. Rxe7 Rxc3 27. Kf1
Rc1+ 28. Ke2 Rc2+ 29. Kd3 Rxa2 30. Nd2 Ra3+ 31. Kc2 Ra2+ 32. Kc3 Ra3+ 33. Nb3
d4+ 34. Kb2 Ra4 35. Bd6 d3 36. Rd7 Bxf2 37. Be7 Be1 38. Rxd3 Bxb4 39. Bxb4 Rxb4
40. Rd8+ Kh7 41. Ra8 Rh4 42. h3 Rf4 43. Rxa7 Rf2+ 44. Kc3 Rxg2 45. Nd4 Rg3+ 46.
Kb4 Rxh3 47. Ne6 Kh6 48. Rxg7 Re3 49. Re7 g5 50. Kxb5 g4 51. Re8 f5 52. Kc4 g3
53. Nd4 Rxe8 54. Nxf5+ Kh5 55. Nxg3+ Kg4 56. Nf1 Re2 57. Kd3 Kf3 1/2-1/2

[Event "Michigan Pro Tour"]
[Site "Westland, Mich."]
[Date "1986.11.01"]
[Round "3"]
[White "Moody, David"]
[Black "Bolda, Matt"]
[Result "1/2-1/2"]
[WhiteElo "2006"]
[BlackElo "1785"]
[PlyCount "34"]
[EventDate "1986.11.01"]

1. e4 d5 2. exd5 Nf6 3. c4 c6 4. d4 cxd5 5. Nc3 e6 6. Nf3 Bb4 7. Bg5 h6 8. Bh4
g5 9. Bg3 Ne4 10. Bxb8 Nxc3 11. Qb3 Nxa2+ 12. Kd1 Rxb8 13. Rxa2 a5 14. c5 Qf6
15. Bb5+ Bd7 16. Bxd7+ Kxd7 17. Qa4+ Ke7 1/2-1/2

[Event "Michigan Pro Tour"]
[Site "Westland, Mich."]
[Date "1986.11.01"]
[Round "2"]
[White "Mitchell, Steve"]
[Black "Moody, David"]
[Result "0-1"]
[WhiteElo "2083"]
[BlackElo "2006"]
[PlyCount "58"]
[EventDate "1986.11.01"]

1. d4 Nf6 2. c4 c5 3. d5 e6 4. Nc3 exd5 5. cxd5 d6 6. e4 g6 7. f4 Bg7 8. Bb5+
Nfd7 9. a4 a6 10. Bd3 O-O 11. Nf3 Nf6 12. O-O Bg4 13. h3 Bxf3 14. Qxf3 Nbd7 15.
g4 h6 16. Qg3 Re8 17. Be3 b5 18. axb5 axb5 19. Rxa8 Qxa8 20. g5 hxg5 21. fxg5
Nh5 22. Qxd6 c4 23. Qxd7 cxd3 24. Qxf7+ Kh7 25. Bd4 Rf8 26. Qd7 Rxf1+ 27. Kxf1
Qa1+ 28. Kg2 Qxb2+ 29. Kf3 b4 0-1

[Event "Michigan Pro Tour"]
[Site "Westland, Mich."]
[Date "1986.11.01"]
[Round "1"]
[White "Anthony, Kevin"]
[Black "Moody, David"]
[Result "1-0"]
[WhiteElo "1601"]
[BlackElo "2006"]
[PlyCount "33"]
[EventDate "1986.11.01"]

1. d4 Nf6 2. Nf3 e6 3. e3 b6 4. Bd3 Bb7 5. Nbd2 c5 6. c3 d5 7. O-O Bd6 8. Re1
O-O 9. e4 dxe4 10. Nxe4 Nxe4 11. Bxe4 Bxe4 12. Rxe4 Nc6 13. Rh4 cxd4 14. cxd4
Be7 15. Rh3 Bf6 16. Qc2 g6 17. Qxc6 1-0

[Event "Michigan Pro Tour"]
[Site "Westland, Mich."]
[Date "1986.11.02"]
[Round "5"]
[White "Moody, David"]
[Black "Raftshol, Warren"]
[Result "1-0"]
[WhiteElo "2006"]
[BlackElo "1712"]
[PlyCount "65"]
[EventDate "1986.11.01"]

1. e4 e6 2. d4 d5 3. Nc3 Bb4 4. e5 c5 5. a3 Bxc3+ 6. bxc3 Qc7 7. Nf3 Bd7 8. a4
Nc6 9. Bb5 f6 10. Ba3 fxe5 11. Bxc6 Bxc6 12. Nxe5 Ne7 13. Bxc5 b6 14. Bxe7 Kxe7
15. Qg4 Rag8 16. O-O Bb7 17. Rae1 Bc8 18. Re3 g6 19. Qf4 Ke8 20. Nxg6 Qg7 21.
Qb8 Qxg6 22. Qxc8+ Ke7 23. Qc7+ Ke8 24. Rg3 Qxc2 25. Qc8+ Kf7 26. Qd7+ Kf6 27.
Rf3+ Kg5 28. Qe7+ Kh5 29. Rh3+ Kg6 30. Qxe6+ Kg7 31. Rg3+ Kf8 32. Rf3+ Kg7 33.
Rf7# 1-0

[Event "Michigan Pro Tour"]
[Site "Westland, Mich."]
[Date "1986.11.02"]
[Round "4"]
[White "Kornhauser, Marvin"]
[Black "Moody, David"]
[Result "1/2-1/2"]
[WhiteElo "1743"]
[BlackElo "2006"]
[PlyCount "86"]
[EventDate "1986.11.01"]

1. Nf3 d6 2. g3 e5 3. d3 f5 4. Bg2 Nf6 5. Bg5 Be7 6. Nbd2 Nc6 7. O-O Be6 8. e4
fxe4 9. Nxe4 Nxe4 10. Bxe7 Nxf2 11. Bxd8 Nxd1 12. Bxc7 Ne3 13. Rf2 Nxg2 14.
Bxd6 Ne3 15. Nxe5 Nxe5 16. Bxe5 Ng4 17. Bxg7 Nxf2 18. Bxh8 Nh3+ 19. Kg2 Kd7 20.
Bd4 Ng5 21. h4 Bd5+ 22. Kf2 Ne6 23. Be3 Rf8+ 24. Ke2 b6 25. c4 Bf3+ 26. Kd2 Bg4
27. Rg1 Rf3 28. a4 Ng7 29. Rg2 Nh5 30. Rf2 Nxg3 31. Rxf3 Bxf3 32. Bf2 Nf5 33.
b4 Kc6 34. a5 bxa5 35. bxa5 a6 36. Kc3 h5 37. d4 Nd6 38. d5+ Kd7 39. Kd4 Nb7
40. Be1 Kd6 41. Bb4+ Kd7 42. c5 Nxc5 43. Bxc5 Be2 1/2-1/2

[Event "Moody Ties For First"]
[Site "Rochester, Mich."]
[Date "1986.12.13"]
[Round "2"]
[White "Wilke, John"]
[Black "Moody, David"]
[Result "0-1"]
[WhiteElo "1632"]
[BlackElo "2006"]
[PlyCount "62"]
[EventDate "1986.12.13"]

1. e4 e5 2. Nf3 Nc6 3. Bc4 Nf6 4. Ng5 d5 5. exd5 Na5 6. Bb5+ c6 7. dxc6 bxc6 8.
Be2 h6 9. Nf3 e4 10. Ne5 Bc5 11. c3 Qc7 12. d4 exd3 13. Nxd3 Bd6 14. h3 O-O 15.
O-O Bf5 16. Nd2 Rad8 17. Nf3 Rfe8 18. Kh1 Nc4 19. Nh4 Bh7 20. Nf3 Bc5 21. Bf4
Qb6 22. Re1 Rxe2 23. Rxe2 Bxd3 24. Re1 Bxf2 25. Re7 Bc5 26. Re1 Ne4 27. Rxe4
Bxe4 28. Qe2 Bxf3 29. Qxf3 Qxb2 30. Re1 Qf2 31. Qe4 Nd2 0-1

[Event "Moody Ties For First"]
[Site "Rochester, Mich."]
[Date "1986.12.13"]
[Round "1"]
[White "Moody, David"]
[Black "Robbins, Fred"]
[Result "1/2-1/2"]
[WhiteElo "2006"]
[BlackElo "1627"]
[PlyCount "66"]
[EventDate "1986.12.13"]

1. e4 Nf6 2. Nc3 d5 3. e5 Ne4 4. Nce2 e6 5. d4 h6 6. h4 Be7 7. g3 c5 8. c3 cxd4
9. f3 Nc5 10. cxd4 Ncd7 11. Nf4 Bb4+ 12. Bd2 Qa5 13. a3 Bxd2+ 14. Qxd2 Qxd2+
15. Kxd2 Nc6 16. Ke3 Ne7 17. Bd3 a5 18. Nge2 b6 19. Rac1 Ba6 20. Bxa6 Rxa6 21.
Rc7 Kd8 22. Rhc1 Ra8 23. g4 Rc8 24. Rxc8+ Nxc8 25. Nc3 Na7 26. Nd3 b5 27. f4
Ke7 28. b3 Rc8 29. a4 bxa4 30. Nxa4 Rxc1 31. Nxc1 Nb5 32. Nd3 Na7 33. b4 axb4
1/2-1/2

[Event "Moody Ties For First"]
[Site "Rochester, Mich."]
[Date "1986.12.13"]
[Round "3"]
[White "Moody, David"]
[Black "Groeller, William"]
[Result "1-0"]
[WhiteElo "2006"]
[BlackElo "2189"]
[PlyCount "41"]
[EventDate "1986.12.13"]

1. e4 e5 2. f4 exf4 3. Nf3 Be7 4. d4 g5 5. Bc4 c6 6. Ne5 d5 7. exd5 cxd5 8. Qh5
Be6 9. Bb5+ Kf8 10. O-O h6 11. g3 Nf6 12. Qe2 fxg3 13. hxg3 Nc6 14. Bxc6 bxc6
15. Ng6+ fxg6 16. Qxe6 Kg7 17. Qxc6 Rc8 18. Qe6 Qc7 19. Nc3 Qxg3+ 20. Kh1 Bd6
21. Qxf6+ 1-0

[Event "Moody Ties For First"]
[Site "Rochester, Mich."]
[Date "1986.12.13"]
[Round "4"]
[White "Bauerle, Paul"]
[Black "Moody, David"]
[Result "1/2-1/2"]
[WhiteElo "1962"]
[BlackElo "2006"]
[PlyCount "47"]
[EventDate "1986.12.13"]

1. d4 Nf6 2. c4 c5 3. d5 e6 4. Nc3 exd5 5. cxd5 d6 6. e4 g6 7. Nf3 Bg7 8. Be2
O-O 9. O-O a6 10. a4 Bg4 11. Nd2 Bxe2 12. Qxe2 Nbd7 13. Nc4 Nb6 14. Bf4 Nxc4
15. Qxc4 Re8 16. h3 b5 17. axb5 axb5 18. Qxb5 Rxa1 19. Rxa1 Nxe4 20. Nxe4 Rxe4
21. Qc6 Rxf4 22. Ra8 Qxa8 23. Qxa8+ Bf8 24. Kf1 1/2-1/2

[Event "Southfield Tornado"]
[Site "Southfield, Mich."]
[Date "1986.12.14"]
[Round "5"]
[White "Stefanski, Mark"]
[Black "Moody, David"]
[Result "0-1"]
[WhiteElo "1924"]
[BlackElo "2006"]
[PlyCount "40"]
[EventDate "1986.12.14"]

1. e4 e5 2. Nc3 Nf6 3. g3 Bc5 4. Bg2 d6 5. Na4 Nc6 6. Ne2 Bg4 7. Nxc5 dxc5 8.
h3 Bh5 9. O-O Nd4 10. g4 Bg6 11. Ng3 h5 12. g5 Nh7 13. Nxh5 Nxg5 14. Ng3 Nxh3+
15. Bxh3 Rxh3 16. d3 Qh4 17. c3 Rxg3+ 18. fxg3 Qxg3+ 19. Kh1 O-O-O 20. Bh6 Rh8
0-1